000
00274nam a2200109Ia 4500
008
190914s9999||||xx |||||||||||||| ||und||
100
_a
Lexicon Publications
245
0
_a
Lexicon Universal Encyclopedia
260
_a
New York
_b
Lexicon P
_c
498
300
_a
2002
942
_c
BK
999
_c
9372
_d
9372